logo

Bir Sreshtho Munshi Abdur Rouf Library
Jhenaidah Cadet College

কবরের আযাব ও বেহেশতের শান্তি / (Record no. 11518)

MARC details
000 -LEADER
fixed length control field 01075nam a2200241 a 4500
001 - CONTROL NUMBER
JCCL Control Number 11518
003 - CONTROL NUMBER IDENTIFIER
JCCL marc code BD-JhCC
005 - DATE AND TIME OF LATEST TRANSACTION
control field 20191031102137.0
008 - FIXED-LENGTH DATA ELEMENTS--GENERAL INFORMATION
fixed length control field 181026b20012013bg |||| ||a| 000 0 ben d
035 ## - SYSTEM CONTROL NUMBER
system control number (BD-JhCC)11518
040 ## - CATALOGING SOURCE
Original cataloging agency BD-JhCC
Modifying agency BD-JhCC
041 ## - LANGUAGE CODE
Language code of Book ben
082 ## - DEWEY DECIMAL CLASSIFICATION NUMBER
Classification number 297
Author mark and Year JAM 2013
100 ## - MAIN ENTRY--PERSONAL NAME
Personal name জামিল, মাওলানা তারিক
245 ## - TITLE STATEMENT
Title কবরের আযাব ও বেহেশতের শান্তি /
Statement of responsibility, etc মাওলানা তারিক জামিল, ইমাম গাযযালী অনু: মাওলানা মুহাম্মদ মাহাদী হাসান সিরাজী ।
260 ## - PUBLICATION, DISTRIBUTION, ETC. (IMPRINT)
Place of publication, distribution, etc ঢাকা:
Name of publisher, distributor, etc সোলেমানিয়া বুক হাউজ;
Date of publication, distribution, etc ২০১৩.
300 ## - PHYSICAL DESCRIPTION
Pagination ৪০০ পৃ. :
Dimensions ২১ সেমি.
650 ## - SUBJECT ADDED ENTRY--TOPICAL TERM
Topical term or geographic name as entry element Islam
700 ## - ADDED ENTRY--PERSONAL NAME
Personal name গাযযালী, ইমাম
700 ## - ADDED ENTRY--PERSONAL NAME
Personal name সিরাজী, মাওলানা মুহাম্মদ মাহাদী হাসান
942 ## - ADDED ENTRY ELEMENTS (KOHA)
Source of classification or shelving scheme Dewey Decimal Classification
Koha item type Books
Holdings
Source of classification or shelving scheme Damaged status Not for loan Home library Current library Shelving location Date of accession Cost, normal purchase price Total Checkouts Full call number Barcode Date last seen Copy number Koha item type
Dewey Decimal Classification     JCC Rouf Library JCC Rouf Library Children's Area 06/24/2018 250.00   297 JAM 2013 14625 10/26/2019 C-1 Books

JCC Library | Contacts | JCC Home

Last Update on 23 September 2017
Copyright @ 2017-2020 JCC Rouf Library
Rouf Library, Jhenidah Cadet College (JCC), Bangladesh